1852 1329 1769 1751 1325 1795 1015 1585 1929 1054 1291 1558 1963 1953 1726 1031 1776 1439 1866 1632 1965 1462 1141 1108 1939 1199 1820 1183 1070 1659 1805 1373 1050 1125 1001 1107 1183 1947 1617 1394 1217 1786 1350 1819 1104 1216 1168 1489 1402 1134 1371 1369 1811 1879 1370 1984 1866 1623 1738 1637 1920 1750 1443 1305 1854 1247 1681 1780 1932 1920 1932 1888 1672 1013 1954 1250 1504 1960 1239 1792 1705 1318 1656 1879 1757 1889 1701 1486 1288 1782 1150 1114 1033 1601 1339 1366 1431 1431 1783 BCNSPRNW ULIB Ver.6.0+V

เปลี่ยนเป็นภาษาไทย

Change to English
 แสดงรายละเอียดบรรณานุกรม
  กลับหน้าหลัก

Brief Record : Get Marc (ISO 2709) : E-mail record : QR code < ปิดหน้าต่าง
LEADER : 00000nam 2200000uu 4500
001    13399112577
003     ULIB
008    110825s2541||||th 000 0 tha d
020    9748947955
050 04 SB406^bอ931พ 2541
100 0  เอื้อมพร วีสมหมาย
245 10 พฤกษาพัน /^cเอื้อมพร วีสมหมาย, ทยา เจนจิตติกุล และ อรุณี วงศ์พนาสิน
250    พิมพ์ครั้งที่ 1
260    กรุงเทพฯ :^bเอช เอน กรุ๊ป,^c2541
300    A-H, 631, 9 หน้า :^bภาพประกอบสี ;^c29 ซม
650  7 พฤกษชาติ
650  7 ต้นไม้
650  7 พฤกษศาสตร์
650  7 ไม้ดอก
650  7 สวน^xการจัดและตกแต่ง
650  7 ไม้ประดับ
650  7 ดอกไม้
650  7 plant production
650  7 forests
700 0  ทยา เจนจิตติกุล
700 0  อรุณี วงศ์พนาสิน
740 0  Plant materials in Thailand
945    ^p1350^l0^i011576
995    ทศพร
999 ^a ใช้งานได้ทุกระบบ
รายการนี้ยังไม่มีแท็ก
คุณยังไม่ได้ล็อกอิน คุณสามารถมีกิจกรรมร่วมกับเว็บไซต์ได้ แต่ต้องล็อกอินก่อน ::
  ล็อกอิน

รายการสื่อสารสนเทศ

ลำดับที่ ประเภท เลขเรียก/บาร์โค้ด สถานที่ สถานะ
- ไม่พบข้อมูล -

รายการใกล้เคียง
    หัวเรื่อง [พฤกษชาติ]
    หัวเรื่อง [ต้นไม้]
    หัวเรื่อง [พฤกษศาสตร์]
    หัวเรื่อง [ไม้ดอก]
    หัวเรื่อง [ไม้ประดับ]
    หัวเรื่อง [ดอกไม้]

BibComment


ยังไม่เคยถูกคอมเมนท์

คอมเมนท์ทรัพยากรรายการนี้
  คอมเมนท์: พฤกษาพัน เอื้อมพ..


 Copyright 2026. Bcnsprnw @Library